Arizona Diamondbacks Players - Sudden Death - Statistics

General Stats
  • This quiz has been taken 16 times
  • The average score is 7 of 17
Answers on the Grid
Answers color-coded by a green-red scale on the quiz's grid according to % correct below.
A.J. Pollock
Adrian Beltre
Albert Pujols
Blake Treinen
Brandon Webb
C.J. Cron
Chris Young
Corbin Burnes
Corbin Carroll
Craig Kimbrel
Curt Schilling
David Peralta
Francisco Lindor
Freddy Peralta
Geraldo Perdomo
J.D. Martinez
Jazz Chisholm Jr.
Ketel Marte
Larry Walker
Luis Gonzalez
Madison Bumgradner
Matt Carpenter
Max Scherzer
Nolan Arenado
Paul Goldschmidt
Pedro Martinez
Randy Johnson
Robbie Ray
Todd Helton
Zack Greinke
 
Answer Stats
Answer % Correct
A.J. Pollock
75%
Ketel Marte
58%
Corbin Carroll
50%
Curt Schilling
50%
Geraldo Perdomo
50%
Corbin Burnes
42%
Luis Gonzalez
42%
Paul Goldschmidt
42%
Randy Johnson
42%
Madison Bumgradner
33%
Max Scherzer
33%
Brandon Webb
25%
Chris Young
25%
David Peralta
25%
J.D. Martinez
25%
Zack Greinke
25%
Robbie Ray
17%
No matching quizzes found
Score Distribution
Percent of People with Each Score
Percentile by Number Answered
Your Score History
You have not taken this quiz